| 000 | 00424nam a2200157Ia 4500 | ||
|---|---|---|---|
| 005 | 20250304094318.0 | ||
| 008 | 231217s9999 xx 000 0 und d | ||
| 020 | _a9788131412558 | ||
| 082 | _a331.76622092 PHU;1 R | ||
| 100 | _aPhuskele, Preeti ed. | ||
| 245 | 0 | _aMining : social and economic perspectives | |
| 260 |
_c2008 _bIcfai _aHyderabad |
||
| 300 | _aix, 227 | ||
| 650 | _aMining,social,economic | ||
| 942 | _cAA | ||
| 999 |
_c190637 _d190637 |
||